| 000 | 03900nam a22003257a 4500 | ||
|---|---|---|---|
| 001 | TZ 0028 A´ | ||
| 003 | gtcocun | ||
| 005 | 20251006173123.0 | ||
| 006 | a||||gr|||| 00| 0 | ||
| 007 | ta | ||
| 008 | 251006b2006 gt ||||| m||| 00| 0 eng d | ||
| 040 |
_agtcocun _bSPA _cgtcocun _eRDA |
||
| 041 | _aSPA TZ 0028 A´ | ||
| 084 | _0TZ 0028 A´ | ||
| 100 |
_aGarcía del Valle, Edgar Antonio _eAutor |
||
| 245 |
_aINFORME DE ACTIVIDADES DE EXTENSIÓN Y SERVICIO REALIZADAS EN EL MUNICIPIO DE SAN MIGUEL TUCURÚ, ALTA VERAPAZ./ _cEdgar Antonio García del Valle. _hImpreso |
||
| 264 |
_aCobán, Alta Verapaz: _bUniversidad de San Carlos de Guatemala, Centro Universitario del Norte, Zootecnia _c2006 |
||
| 300 |
_a43 p.: _bIlustraciones, gráficas. _c28 cm; |
||
| 336 |
_2rdacontenido _aTexto _btxt |
||
| 337 |
_2rdamedio _aComputadora _bn |
||
| 338 |
_2rdasoporte _aCódigo en línea _bcr |
||
| 502 | _eTZ 0028 A´ | ||
| 502 |
_aTesis de grado _bZootecnia, _cUniversidad de San Carlos de Guatemala, Centro Universitario del Norte, Zootecnia _d2006 _oTZ 0028 A´ |
||
| 520 | 1 | 4 | _aEn este informe se describen los servicios prestados durante el Ejercicio Profesional Supervisado (EPS), realizados en el municipio de San Miguel Tucurú, Alta Verapaz, durante los meses de febrero a noviembre del año mil novecientos noventa y nueve. Entre las actividades que se realizaron en forma conjunta con los estudiantes de las carreras de Agronomía, Psicología y Zootecnia, se menciona: Asesoría técnica a instituciones locales, perfiles de proyectos, coordinación de actividades de emergencia y actividades sociales del municipio. Las actividades pecuarias que se llevaron a cabo en las comunidades del municipio, estuvieron enfocadas en aumentar los niveles de producción de las especies domésticas, mediante la implementación de técnicas de mejoras del manejo sanitario, nutricional e instalaciones. Entre las actividades planificadas ejecutadas se mencionan: Sanidad animal, asesoría en el engorde de pollos, siembra 0de árboles forrajeros, capacitación sobre manejo de bovinos y porcinos. Realizándose también actividades no planificadas como: Capacitación sobre botiquines pecuarios, asesoría en granjas de aves de postura, asesoría en la ejecución de charcas piscícolas y comparación del engorde de pollos en dos sistemas de piso, entre otras. Finalizadas las actividades del EPS, se concluyó en que se lograron alcanzar mejoras significativas en el manejo de las especies domésticas, redundando esto en una mayor producción, por ende, se mejoró en algún grado el nivel de vida de los (as) comunitarios (as). También se concluyó que el apoyo brindado a la municipalidad, por medio de la Unidad Técnica, cumplió con las expectativas del programa del Ejercicio Profesional Supervisado Multidisciplinario (EPSUM). Por lo expuesto anteriormente se considera importante continuar con la asesoría y apoyo a las Unidades Técnicas Municipales que posteriormente fueron denominadas Oficina de Planificación Municipal, con el propósito de fortalecer los gobiernos locales. Así también debe considerarse la continua asesoría y capacitación en las áreas rurales, en el campo pecuario y agrícola, especialmente en zonas de alto riesgo, afectadas frecuentemente por los fenómenos naturales, como la recién pasada tormenta Mitch, la cual dejó muchas pérdidas en el campo agropecuario en el área rural del municipio de Tucurú. |
| 650 | 1 | 4 |
_2LEMB _aSan Miguel Tucurú, Alta Verapaz. _xZootecnia _xAgronomía _xAsesoría Técnica _xPsicología _xManejo sanitario _xNutricional |
| 700 |
_aLic. Zoot. Mauricio Arturo Quiroa Roldán _eAsesor |
||
| 856 |
_uhttps://drive.google.com/file/d/1A6kXR-iiYYq2hIOhMf8afzoSFybTz-j8/view _yPDF _zUn ejemplar en línea. |
||
| 942 |
_2ddc _cTES _iTZ 0028 A´ _kClasificación _n0 _6TZ_0028_000000000000000_A |
||
| 999 |
_c2237 _d2237 |
||